| 000 | 01377cam a2200349 a 4500 | ||
|---|---|---|---|
| 001 | 1868 | ||
| 003 | FISKH | ||
| 005 | 20241106150828.0 | ||
| 008 | 001211s2001 nyu c 000 1 eng | ||
| 010 | _a 00054233 | ||
| 020 | _a9780064409599 | ||
| 020 | _a006029289X (lib. bdg.) | ||
| 040 |
_aDLC _cDLC _dDLC _beng |
||
| 042 |
_apcc _alcac |
||
| 050 | 0 | 0 |
_aPZ7.C8615 _bLo 2001 |
| 082 | 0 | 0 |
_a808 _221 |
| 100 | 1 | _aCreech, Sharon. | |
| 245 | 1 | 0 |
_aLove that dog / _cSharon Creech. |
| 260 |
_aNew York : _bHarperCollins, _c2001. |
||
| 300 |
_a86, 22, 13 pages ; _c20 cm. |
||
| 505 | _aZ' | ||
| 520 | _aA young student, who comes to love poetry through a personal understanding of what different famous poems mean to him, surprises himself by writing his own inspired poem. | ||
| 521 | 8 |
_a1010
_bLexile |
|
| 521 | 8 |
_aZ'
_bRaz-Plus |
|
| 650 | 1 |
_aPoetry _vFiction. |
|
| 650 | 1 | _aNovels in verse. | |
| 856 | 4 | 2 |
_3Publisher description _uhttp://www.loc.gov/catdir/description/hc043/00054233.html |
| 856 | 4 | 2 |
_3Contributor biographical information _uhttp://www.loc.gov/catdir/enhancements/fy0910/00054233-b.html |
| 906 |
_a7 _bcbc _corignew _d1 _eocip _f20 _gy-gencatlg |
||
| 942 |
_2ddc _cBK _n0 |
||
| 999 |
_c1868 _d1868 |
||